000 008310000a22002530004500
005 20200104041724.0
008 170206b xxu||||| |||| 00| 0 spa d
040 _aCO-BoIAVH
_cCO-BoIAVH
041 _aspa
090 _aMM
_b00122
110 1 _aRain Forest Pilot Program
_978714
245 1 0 _aPrograma piloto para a protecao das florestas tropicais do Brasil
246 3 _aPilot program to conserve the brazilian rain forest
257 _aBrasil
300 _bCD-ROM
_a1
500 _aRequerimientos del sistema: procesador Pentium 500 Mhz
650 1 4 _aBosques tropicales
_992765
650 1 4 _aProyectos de conservación
_916299
650 1 4 _aConservación de bosques
_978716
650 1 4 _aReservas extractivas
_919751
650 1 4 _aUso sostenible
_9344
650 1 4 _aBiocomercio sostenible
_992487
942 _cCD-ROM
_2z
999 _c16498
_d16498